All-Star Cast Movies #3 - Statistics

General Stats
  • This quiz has been taken 44 times
  • The average score is 8 of 15
Answer Stats
Cast Movie % Correct
John TravoltaSamuel L. Jackson Uma Thurman Bruce Willis Tim Roth Christopher Walken Harvey Keitel Ving Rhames Eric Stoltz Rosanna Arquette Phil LaMarr Steve Buscemi Kathy Griffin Pulp Fiction
85%
Robert Downey Jr.Gwyneth Paltrow Don Cheadle Mickey Rourke Sam Rockwell Scarlet Johansson Leslie Bibb Samuel L. Jackson Clark Gregg Stan Lee Elon Musk Olivia Munn Kate Mara Jon Favreau John Slattery Garry Shandling Paul Bettany Max Favreau Iron Man 2
79%
Christian BaleAnne Hathaway Gary Oldman Tom Hardy Joseph Gordon-Levitt Liam Neeson Michael Caine Morgan Freeman Marion Cotillard Joey King Ben Mendelsohn Juno Temple Cillian Murphy Thomas Lennon Aaron Eckhart The Dark Knight Rises
79%
Ellen PageMichael Cera Jennifer Garner Jason Bateman Allison Janney J.K. Simmons Olivia Thirlby Rainn Wilson Juno
74%
Sylvester StalloneArnold Schwarzenegger Terry Crews Jason Statham Harrison Ford Jet Li Antonio Banderas Wesley Snipes Dolph Lundgren Kelsey Grammer Glen Powell Ronda Rousey Mel Gibson The Expendables 3
59%
Kristen WiigMaya Rudolph Rose Byrne Melissa McCarthy Ellie Kemper Chris O'Dowd Matt Lucas Rebel Wilson Tim Heidecker Ben Falcone Terry Crews Jillian Bell Jon Hamm Paul Feig Paul Rudd Bridesmaids
56%
Ben StillerJack Black Robert Downey Jr. Nick Nolte Steve Coogan Jay Baruchel Danny McBride Bill Hader Tom Cruise Brandon T. Jackson Reggie Lee Matthew McConaughey Tobey Maguire Tyra Banks Maria Menounos Martin Lawrence Jason Bateman Lance Bass Jennifer Love-Hewitt Alicia Silverstone Yvette Nicole Brown Sean Penn Jon Voight Justin Theroux Tropic Thunder
51%
Gene HackmanAnjelica Huston Gwyneth Paltrow Ben Stiller Owen Wilson Luke Wilson Danny Glover Bill Murray Alec Baldwin Wes Anderson The Royal Tenenbaums
44%
Johnny DeppEva Green Helena Bonham Carter Chloe Grace Moretz Michelle Pfeiffer Jackie Earle Haley Christopher Lee Alice Cooper Dark Shadows
41%
Christian BaleRyan Gosling Steve Carell Brad Pitt Finn Wittrock Marisa Tomei Karen Gillan Max Greenfield Billy Magnussen Margot Robbie Selena Gomez The Big Short
38%
Taika WaititiScarlett Johansson Rebel Wilson Sam Rockwell Stephen Merchant Rachel House Roman Griffin Davis Archie Yates Jojo Rabbit
36%
Adam SandlerKevin James Josh Gad Michelle Monaghan Peter Dinklage Brian Cox Sean Bean Jane Krakowski Dan Aykroyd Serena Williams Martha Stewart Nick Swardson Robert Smigel Fiona Shaw Daryl Hall John Oates Ricardo Montalban Pixels
31%
Mickey RourkeJessica Alba Josh Brolin Eva Green Joseph Gordon-Levitt Rosario Dawson Bruce Willis Dennis Haysbert Ray Liotta Christopher Lloyd Jamie Chung Jeremy Piven Christopher Meloni Juno Temple Lady Gaga Alexa PenaVega Frank Miller Robert Rodriguez Sin City: A Dame to Kill For
31%
Meryl StreepJulia Roberts Ewan McGregor Abigail Breslin Juliette Lewis Dermot Mulroney Julianne Nicholson Chris Cooper Benedict Cumberbatch August: Osage County
28%
Tom Berenger Glenn Close Kevin Costner Jeff Goldblum William Hurt Kevin Kline Meg Tilly The Big Chill
23%
No matching quizzes found
Score Distribution
Percent of People with Each Score
Percentile by Number Answered
Your Score History
You have not taken this quiz